000 01412nam a2200313 a 4500
001 ebr10427592
003 CaPaEBR
006 m u
007 cr cn|||||||||
008 080429s2008 enka s 000 0 eng
010 _z 2008019070
020 _z9781855394476
020 _z1855394472
040 _aCaPaEBR
_cCaPaEBR
035 _a(OCoLC)676698658
050 1 4 _aHQ755.8
_b.H363 2008eb
082 0 4 _a649/.1
_222
245 0 0 _aHappy families
_h[electronic resource] :
_binsights into the art of parenting /
_cSteve Bowkett ...[et al.].
260 _alondon ;
_aNew York, NY :
_bNetwork Continuum,
_cc2008.
300 _aviii, 138 p. :
_bill.
505 0 _aAn elephant on my shoulder : the burden of parenthood / Trisha Lee -- Three golden apples : the importance of sharing stories / Steve Bowkett -- The family that plays together : the joy of making music / Tim Harding -- Act your age! : the path to maturity / Roy Leighton.
533 _aElectronic reproduction.
_bPalo Alto, Calif. :
_cebrary,
_d2013.
_nAvailable via World Wide Web.
_nAccess may be limited to ebrary affiliated libraries.
650 0 _aParenting.
650 0 _aParent and child.
655 7 _aElectronic books.
_2local
700 1 _aBowkett, Stephen.
710 2 _aebrary, Inc.
856 4 0 _uhttp://site.ebrary.com/lib/rucke/Doc?id=10427592
_zAn electronic book accessible through the World Wide Web; click to view
999 _c239451
_d239451